| 000 | 00701nam a22001937a 4500 | ||
|---|---|---|---|
| 008 | 160819b xxu||||| |||| 00| 0 eng d | ||
| 020 | _a971-93249-6-1 | ||
| 082 |
_22009 _aDFil 371.12076 _bP19 |
||
| 100 |
_913108 _aPaner, Crisencio M. |
||
| 245 |
_aLET reviewer in biological science (text and exercises)/ _cCrisencio M. Paner and Louie Ian B. Mariano. |
||
| 250 | _aRevised Edition | ||
| 260 |
_aManila: _bJEM Printing House, _cc2009. |
||
| 300 |
_avii, 172 pages : _billustrations; _c21 cm. |
||
| 500 | _aIncludes appendix and references. | ||
| 650 | 0 |
_913109 _aExamination, Teachers -- Reviewer and exercise |
|
| 700 |
_913110 _aMariano, Louie Ian B. |
||
| 365 |
_b450.00 _cPhp |
||
| 942 |
_2ddc _cDFIL |
||
| 999 |
_c3923 _d3923 |
||